[Event "25th Klatovy A 2017"]
[Site "Klatovy CZE"]
[Date "2017.07.05"]
[Round "5.2"]
[White "Formanek, Martin"]
[Black "Novotny, Michal"]
[Result "1-0"]
[WhiteElo "2273"]
[BlackElo "2264"]
[PlyCount "181"]
[EventDate "2017.07.01"]
[EventType "swiss"]
[EventRounds "9"]
[EventCountry "CZE"]
[SourceTitle "EXT 2018"]
[Source "ChessBase"]
[SourceDate "2017.10.13"]
[SourceVersion "1"]
[SourceVersionDate "2017.10.13"]
[SourceQuality "1"]

1. e4 e6 2. d3 d5 3. Qe2 c5 4. Nf3 Nc6 5. c3 Nge7 6. g3 g6 7. Bg2 Bg7 8. O-O O-O 9. Na3 b6 10. Bg5 h6 11. exd5 exd5 12. Bxe7 Nxe7 13. d4 Be6 14. Nc2 Qc7 15. Rfe1 Nc6 16. Ne3 Rac8 17. Rad1 Rfd8 18. Rd2 cxd4 19. Nxd4 Nxd4 20. cxd4 Qd6 21. Qb5 Kh7 22. Bf3 h5 23. h4 Bh6 24. Qb3 Rc7 25. a3 f5 26. Rde2 Bg8 27. Ng2 Bg7 28. Rd1 Rc4 29. Qe3 Bf6 30. Nf4 Bf7 31. Red2 Re8 32. Qb3 Bxh4 33. Be2 Rc7 34. Bf3 Bg5 35. Bxd5 Bxd5 36. Nxd5 Rd7 37. f4 Qe6 38. fxg5 Rxd5 39. Qf3 Re7 40. Kg2 Kg7 41. Rc1 Qd6 42. Qf4 Kf7 43. Qxd6 Rxd6 44. d5 Ke8 45. Rc8+ Kf7 46. Rc4 Red7 47. Rcd4 Ke8 48. Kf3 Re7 49. Re2 Rdd7 50. Re3 Rxe3+ 51. Kxe3 Ke7 52. Rc4 Rxd5 53. Rc6 Rd6 54. Rc7+ Rd7 55. Rc6 Kf7 56. Rf6+ Kg7 57. Rc6 Re7+ 58. Kd3 Rd7+ 59. Ke3 Re7+ 60. Kd3 Rf7 61. Ke3 Re7+ 62. Kf3 Rb7 63. b4 Rd7 64. Ke3 Re7+ 65. Kf3 b5 66. Rc5 Rb7 67. Rc6 Rd7 68. Ke3 Kf7 69. Rf6+ Kg7 70. Rc6 Re7+ 71. Kf3 Kh7 72. Kf2 Rd7 73. Ke3 Kg7 74. Ke2 Rd4 75. Rc7+ Kf8 76. Rxa7 Rg4 77. Kf3 Rc4 78. Rb7 Rc3+ 79. Kf4 Rxa3 80. Rxb5 Kf7 81. Rb7+ Kf8 82. Ke5 Rxg3 83. Kf6 Ke8 84. Kxg6 f4 85. Kxh5 f3 86. Rb5 Rh3+ 87. Kg6 Rh4 88. Rf5 Rxb4 89. Rxf3 Rg4 90. Kh6 Ke7 91. g6 1-0

[Event "25th Klatovy A 2017"]
[Site "Klatovy CZE"]
[Date "2017.07.05"]
[Round "5.3"]
[White "Miesbauer, Jan"]
[Black "Hausner, Ivan"]
[Result "1-0"]
[WhiteElo "2186"]
[BlackElo "2363"]
[PlyCount "137"]
[EventDate "2017.07.01"]
[EventType "swiss"]
[EventRounds "9"]
[EventCountry "CZE"]
[SourceTitle "EXT 2018"]
[Source "ChessBase"]
[SourceDate "2017.10.13"]
[SourceVersion "1"]
[SourceVersionDate "2017.10.13"]
[SourceQuality "1"]

1. c4 e6 2. Nc3 c5 3. Nf3 Nf6 4. g3 b6 5. Bg2 Bb7 6. O-O Be7 7. d4 cxd4 8. Qxd4 Nc6 9. Qf4 O-O 10. Rd1 Qb8 11. e4 d6 12. b3 Ne5 13. Bb2 a6 14. a4 Nfd7 15. Nd4 Nc5 16. Qe3 Bf6 17. h3 Qc7 18. f4 Nc6 19. Nxc6 Bxc6 20. b4 Nd7 21. Qd3 Rac8 22. Rac1 Rfd8 23. Nd5 exd5 24. Bxf6 Nxf6 25. cxd5 Bxa4 26. Rxc7 Rxc7 27. Re1 Bb5 28. Qe3 Rb8 29. e5 Ne8 30. Bf1 Bxf1 31. Kxf1 g6 32. Rc1 Re7 33. Rc6 dxe5 34. fxe5 Rd8 35. Qd4 Red7 36. d6 f6 37. Rxb6 fxe5 38. Qd5+ Kf8 39. Rxa6 Nxd6 40. Qxe5 Nf7 41. Qc5+ Kg7 42. Ra2 Rd3 43. Rf2 R8d7 44. Kg2 R7d5 45. Qe7 Rf5 46. Rxf5 gxf5 47. h4 Rb3 48. Qc5 Kf6 49. b5 Rb2+ 50. Kf3 Ne5+ 51. Ke3 Ke6 52. b6 Rb3+ 53. Kd2 Rxg3 54. b7 Nd7 55. Qc4+ Ke7 56. Qb4+ Ke6 57. b8=Q Nxb8 58. Qxb8 Rg4 59. Qb6+ Kf7 60. Qh6 Kg8 61. Qf6 Rg6 62. Qxf5 Kg7 63. h5 Rg2+ 64. Ke3 Kh6 65. Kf3 Rg5 66. Qf7 Ra5 67. Qe8 Rf5+ 68. Kg4 Rg5+ 69. Kh4 1-0

[Event "25th Klatovy A 2017"]
[Site "Klatovy CZE"]
[Date "2017.07.05"]
[Round "5.4"]
[White "Weber, Dirk"]
[Black "Furman, Boris"]
[Result "0-1"]
[WhiteElo "2269"]
[BlackElo "2177"]
[PlyCount "110"]
[EventDate "2017.07.01"]
[EventType "swiss"]
[EventRounds "9"]
[EventCountry "CZE"]
[SourceTitle "EXT 2018"]
[Source "ChessBase"]
[SourceDate "2017.10.13"]
[SourceVersion "1"]
[SourceVersionDate "2017.10.13"]
[SourceQuality "1"]

1. e4 c5 2. Nc3 Nc6 3. g3 g6 4. Bg2 Bg7 5. d3 d6 6. f4 e5 7. Nf3 Nge7 8. O-O O-O 9. Be3 Nd4 10. Ne1 Be6 11. Qd2 Qd7 12. Nd1 exf4 13. Bxf4 f5 14. c3 Ndc6 15. Nf2 d5 16. exf5 Nxf5 17. Nf3 Kh8 18. Rae1 Rae8 19. h4 Bg8 20. Bh3 Rxe1 21. Rxe1 Re8 22. Rxe8 Qxe8 23. h5 d4 24. g4 Ne3 25. h6 Bf8 26. cxd4 cxd4 27. Nxd4 Nxd4 28. Qxe3 Qxe3 29. Bxe3 Nc2 30. Bxa7 Bxh6 31. a4 Bd5 32. Bc5 Bc1 33. Bg2 Bxg2 34. Kxg2 Bxb2 35. Kf3 h5 36. gxh5 gxh5 37. Ke4 Kg7 38. Kf5 Nd4+ 39. Bxd4+ Bxd4 40. Ne4 Be3 41. Nd6 b6 42. Ke5 Bf2 43. Ne4 Be3 44. Kf5 Kf7 45. Nc3 h4 46. Kg4 Bf2 47. Ne4 Be1 48. Kf5 Ke7 49. Ng5 Kd6 50. Ke4 Kc5 51. d4+ Kb4 52. Nf3 Bg3 53. Ne5 h3 54. Nd3+ Kc3 55. Nc1 Kd2 0-1

[Event "25th Klatovy A 2017"]
[Site "Klatovy CZE"]
[Date "2017.07.05"]
[Round "5.5"]
[White "Jurek, Josef"]
[Black "Hurdzan, Tomas"]
[Result "1/2-1/2"]
[WhiteElo "2263"]
[BlackElo "2164"]
[PlyCount "74"]
[EventDate "2017.07.01"]
[EventType "swiss"]
[EventRounds "9"]
[EventCountry "CZE"]
[SourceTitle "EXT 2018"]
[Source "ChessBase"]
[SourceDate "2017.10.13"]
[SourceVersion "1"]
[SourceVersionDate "2017.10.13"]
[SourceQuality "1"]

1. d4 Nf6 2. Nf3 e6 3. c4 d5 4. Nc3 Be7 5. Bg5 O-O 6. e3 h6 7. Bh4 b6 8. cxd5 Nxd5 9. Bxe7 Qxe7 10. Nxd5 exd5 11. Rc1 Be6 12. Qa4 c5 13. Qa3 Rc8 14. Bb5 Qb7 15. dxc5 bxc5 16. Rxc5 Rxc5 17. Qxc5 Na6 18. Bxa6 Qxa6 19. Qa3 Qc4 20. Qc3 Rb8 21. Qxc4 dxc4 22. b3 cxb3 23. axb3 Rxb3 24. O-O Rb2 25. Nd4 Ba2 26. Nc6 a6 27. f3 Kf8 28. Rd1 Rb1 29. Rxb1 Bxb1 30. Kf2 f6 31. e4 Bd3 32. Ke3 Bf1 33. g3 Bb5 34. Na5 Ke7 35. Kd4 Kd6 36. f4 g6 37. h4 Be2 1/2-1/2

[Event "25th Klatovy A 2017"]
[Site "Klatovy CZE"]
[Date "2017.07.05"]
[Round "5.6"]
[White "Vorisek, Jaroslav"]
[Black "Kopta, Pavel"]
[Result "1/2-1/2"]
[WhiteElo "2185"]
[BlackElo "2238"]
[PlyCount "28"]
[EventDate "2017.07.01"]
[EventType "swiss"]
[EventRounds "9"]
[EventCountry "CZE"]
[SourceTitle "EXT 2018"]
[Source "ChessBase"]
[SourceDate "2017.10.13"]
[SourceVersion "1"]
[SourceVersionDate "2017.10.13"]
[SourceQuality "1"]

1. d4 Nf6 2. c4 e6 3. g3 d5 4. Bg2 Be7 5. Nc3 O-O 6. Nf3 c6 7. O-O b6 8. b3 Nbd7 9. Bb2 Bb7 10. Rc1 Rc8 11. Qd3 Re8 12. Rfd1 a6 13. e4 Nf8 14. Ne5 Ng6 1/2-1/2

[Event "25th Klatovy A 2017"]
[Site "Klatovy CZE"]
[Date "2017.07.05"]
[Round "5.7"]
[White "Parizek, Vojtech"]
[Black "Lacina, Adolf"]
[Result "0-1"]
[WhiteElo "2065"]
[BlackElo "2237"]
[PlyCount "118"]
[EventDate "2017.07.01"]
[EventType "swiss"]
[EventRounds "9"]
[EventCountry "CZE"]
[SourceTitle "EXT 2018"]
[Source "ChessBase"]
[SourceDate "2017.10.13"]
[SourceVersion "1"]
[SourceVersionDate "2017.10.13"]
[SourceQuality "1"]

1. e4 c5 2. Nf3 Nc6 3. d4 cxd4 4. Nxd4 e5 5. Nb5 d6 6. N1c3 a6 7. Na3 b5 8. Nd5 Nce7 9. c4 Nxd5 10. exd5 bxc4 11. Nxc4 Nf6 12. Ne3 Be7 13. Bc4 O-O 14. O-O Bd7 15. b4 Qb6 16. Qb3 Rfc8 17. a4 Rc7 18. Rd1 Rac8 19. Bb2 Ng4 20. Bc1 Nxf2 21. Kxf2 Rxc4 22. Bd2 f5 23. Kf1 Rf4+ 24. Kg1 Re4 25. Kh1 f4 26. Nc2 Re2 27. Qf3 Rf2 28. Qd3 g6 29. Ne3 Rxd2 30. Rxd2 Qxe3 31. Qxe3 fxe3 32. Re2 Bxa4 33. Rxe3 Rc4 34. h3 Bb5 35. Rf3 e4 36. Rf4 Bg5 37. Rg4 Bd2 38. g3 e3 39. Rxc4 Bxc4 40. Kg2 Bxd5+ 41. Kf1 Bc4+ 42. Kg2 e2 43. Kf2 e1=Q+ 44. Rxe1 Bxe1+ 45. Kxe1 Kf7 46. Kd2 Ke6 47. Kc3 Bf1 48. h4 Ke5 49. g4 h6 50. Kd2 Kf4 51. g5 hxg5 52. hxg5 Kxg5 53. Ke1 Bb5 54. Kf2 Kf4 55. Kg2 Ke3 56. Kg3 d5 57. Kg4 d4 58. Kg5 d3 59. Kxg6 d2 0-1

[Event "25th Klatovy A 2017"]
[Site "Klatovy CZE"]
[Date "2017.07.05"]
[Round "5.8"]
[White "Nemec, David"]
[Black "Burnett, Andrew"]
[Result "0-1"]
[WhiteElo "2043"]
[BlackElo "2211"]
[PlyCount "56"]
[EventDate "2017.07.01"]
[EventType "swiss"]
[EventRounds "9"]
[EventCountry "CZE"]
[SourceTitle "EXT 2018"]
[Source "ChessBase"]
[SourceDate "2017.10.13"]
[SourceVersion "1"]
[SourceVersionDate "2017.10.13"]
[SourceQuality "1"]

1. d4 Nf6 2. c4 g6 3. Nc3 Bg7 4. e4 O-O 5. Be3 d6 6. f3 Nc6 7. Qd2 a6 8. Bd3 e5 9. d5 Nd4 10. Nge2 Nd7 11. Bc2 c5 12. dxc6 bxc6 13. Nxd4 exd4 14. Bxd4 Ne5 15. Bb3 c5 16. Be3 a5 17. O-O a4 18. Nxa4 Rxa4 19. Bg5 f6 20. Bxa4 fxg5 21. Rfd1 Nf7 22. Bb5 Bd4+ 23. Kh1 Ne5 24. Rf1 Be6 25. Rac1 g4 26. f4 g3 27. hxg3 Ng4 28. Qe2 Qf6 0-1

[Event "25th Klatovy A 2017"]
[Site "Klatovy CZE"]
[Date "2017.07.05"]
[Round "5.9"]
[White "Krutsky, Martin"]
[Black "Hadraba, Vladimir"]
[Result "1/2-1/2"]
[WhiteElo "2045"]
[BlackElo "2197"]
[PlyCount "58"]
[EventDate "2017.07.01"]
[EventType "swiss"]
[EventRounds "9"]
[EventCountry "CZE"]
[SourceTitle "EXT 2018"]
[Source "ChessBase"]
[SourceDate "2017.10.13"]
[SourceVersion "1"]
[SourceVersionDate "2017.10.13"]
[SourceQuality "1"]

1. e4 c5 2. Nf3 e6 3. d4 cxd4 4. Nxd4 Nf6 5. Nc3 Nc6 6. Ndb5 d6 7. Bf4 e5 8. Bg5 a6 9. Na3 Be6 10. Nc4 Rc8 11. Bxf6 gxf6 12. Ne3 Bh6 13. Bd3 Bxe3 14. fxe3 Qb6 15. Qc1 Nb4 16. O-O Ke7 17. Qd2 Nxd3 18. cxd3 Rhg8 19. Rf3 Rg6 20. Raf1 Rcg8 21. R1f2 Qd8 22. Qc1 Kf8 23. Qf1 Kg7 24. h3 h5 25. a3 Rh8 26. Nd5 Bxd5 27. exd5 Rhh6 28. e4 h4 29. Kh1 Qb6 1/2-1/2

[Event "25th Klatovy A 2017"]
[Site "Klatovy CZE"]
[Date "2017.07.05"]
[Round "5.10"]
[White "Zahorbensky, Jaroslav"]
[Black "Bujnoch, Radek"]
[Result "1-0"]
[WhiteElo "2050"]
[BlackElo "2261"]
[PlyCount "105"]
[EventDate "2017.07.01"]
[EventType "swiss"]
[EventRounds "9"]
[EventCountry "CZE"]
[SourceTitle "EXT 2018"]
[Source "ChessBase"]
[SourceDate "2017.10.13"]
[SourceVersion "1"]
[SourceVersionDate "2017.10.13"]
[SourceQuality "1"]

1. e4 c5 2. Nf3 Nc6 3. Bb5 g6 4. O-O Bg7 5. c3 Nf6 6. d3 O-O 7. Bxc6 dxc6 8. Qe2 Bg4 9. Nbd2 e5 10. h3 Bxf3 11. Nxf3 Re8 12. Be3 Qe7 13. Bg5 h6 14. Bxf6 Bxf6 15. Rfe1 Rad8 16. Rad1 Rd7 17. Kf1 Red8 18. Qc2 Bg7 19. Qe2 b6 20. Rd2 h5 21. Qe3 Kh7 22. Ng5+ Kg8 23. Nf3 Rd6 24. a3 R8d7 25. Ke2 f5 26. exf5 gxf5 27. Kf1 Bh6 28. Qe2 Bxd2 29. Qxd2 Rxd3 30. Qh6 R7d6 31. Qxh5 Rd1 32. Qxf5 e4 33. Ne5 Rxe1+ 34. Kxe1 Qg7 35. Qc8+ Kh7 36. Qf5+ Kg8 37. Qxe4 Re6 38. f4 Qg3+ 39. Ke2 Rf6 40. Nd3 Kf8 41. Ne5 Kg7 42. f5 Qg5 43. g4 Qc1 44. Nd3 Qc2+ 45. Ke3 Rh6 46. h4 c4 47. Qe7+ Kg8 48. Qe8+ Kg7 49. Qe5+ Kg8 50. Nf2 Qxb2 51. g5 Rxh4 52. Qe8+ Kg7 53. f6+ 1-0

[Event "25th Klatovy A 2017"]
[Site "Klatovy CZE"]
[Date "2017.07.05"]
[Round "5.11"]
[White "Slovak, Kilian"]
[Black "Jelinek, Michal"]
[Result "1-0"]
[WhiteElo "2254"]
[BlackElo "2085"]
[PlyCount "41"]
[EventDate "2017.07.01"]
[EventType "swiss"]
[EventRounds "9"]
[EventCountry "CZE"]
[SourceTitle "EXT 2018"]
[Source "ChessBase"]
[SourceDate "2017.10.13"]
[SourceVersion "1"]
[SourceVersionDate "2017.10.13"]
[SourceQuality "1"]

1. e4 e6 2. d4 d5 3. Nc3 Bb4 4. e5 c5 5. a3 Bxc3+ 6. bxc3 Ne7 7. a4 Qc7 8. Nf3 h6 9. Bb5+ Bd7 10. Bd3 Nbc6 11. O-O b6 12. Ba3 Na5 13. Nd2 Nec6 14. Qg4 O-O 15. Rae1 Rfe8 16. Re3 cxd4 17. cxd4 Qd8 18. Rg3 Qg5 19. Qh3 Qxd2 20. Bc1 Qb4 21. Qxh6 1-0

[Event "25th Klatovy A 2017"]
[Site "Klatovy CZE"]
[Date "2017.07.05"]
[Round "5.12"]
[White "Toman, Ondrej"]
[Black "Strnad, Jakub"]
[Result "1/2-1/2"]
[WhiteElo "2206"]
[BlackElo "1980"]
[PlyCount "95"]
[EventDate "2017.07.01"]
[EventType "swiss"]
[EventRounds "9"]
[EventCountry "CZE"]
[SourceTitle "EXT 2018"]
[Source "ChessBase"]
[SourceDate "2017.10.13"]
[SourceVersion "1"]
[SourceVersionDate "2017.10.13"]
[SourceQuality "1"]

1. e4 e5 2. Nf3 Nc6 3. Nc3 Nf6 4. d4 exd4 5. Nxd4 Bb4 6. Nxc6 bxc6 7. Bd3 O-O 8. O-O d5 9. exd5 cxd5 10. a3 Bc5 11. Bf4 c6 12. b4 Bd6 13. Qd2 Ng4 14. Rfe1 Qc7 15. Ne2 Ne5 16. c3 Bg4 17. h3 Bh5 18. Bxe5 Bxe5 19. Nd4 Rfe8 20. Qc2 Bg6 21. Bxg6 hxg6 22. Qa4 Rac8 23. Kh1 Kf8 24. Qb3 Bxd4 25. cxd4 Qf4 26. Qd3 Rxe1+ 27. Rxe1 Qxf2 28. Rf1 Qh4 29. Qxg6 f6 30. Qd3 Re8 31. Qc3 Kf7 32. a4 Qe4 33. b5 cxb5 34. axb5 Qe2 35. Ra1 Qxb5 36. Rxa7+ Re7 37. Rxe7+ Kxe7 38. Kg1 Qc4 39. Qe3+ Kf7 40. h4 Kg6 41. Kh2 Kf7 42. Kg3 Qc2 43. Qf4 Qd3+ 44. Kg4 Qg6+ 45. Kf3 Qd3+ 46. Kg4 Qg6+ 47. Kh3 Qe4 48. Kg3 1/2-1/2

[Event "25th Klatovy A 2017"]
[Site "Klatovy CZE"]
[Date "2017.07.05"]
[Round "5.13"]
[White "Duhayon, Yves"]
[Black "Svanda, Ondrej"]
[Result "1/2-1/2"]
[WhiteElo "2198"]
[BlackElo "2061"]
[PlyCount "42"]
[EventDate "2017.07.01"]
[EventType "swiss"]
[EventRounds "9"]
[EventCountry "CZE"]
[SourceTitle "EXT 2018"]
[Source "ChessBase"]
[SourceDate "2017.10.13"]
[SourceVersion "1"]
[SourceVersionDate "2017.10.13"]
[SourceQuality "1"]

1. d4 Nf6 2. c4 e6 3. Nc3 Bb4 4. e3 b6 5. Nge2 Ba6 6. Ng3 Bxc3+ 7. bxc3 d5 8. Qf3 O-O 9. cxd5 exd5 10. Bxa6 Nxa6 11. O-O c5 12. Ba3 Re8 13. Qe2 Qc8 14. Rac1 Qb7 15. dxc5 Nxc5 16. Bxc5 bxc5 17. Rb1 Qc7 18. Qb5 Rab8 19. Qa4 g6 20. h3 Kg7 21. Rfd1 Rxb1 1/2-1/2

[Event "25th Klatovy A 2017"]
[Site "Klatovy CZE"]
[Date "2017.07.05"]
[Round "5.14"]
[White "Zeman, Matyas"]
[Black "Skopec, Lubos"]
[Result "1-0"]
[WhiteElo "2166"]
[BlackElo "1972"]
[PlyCount "127"]
[EventDate "2017.07.01"]
[EventType "swiss"]
[EventRounds "9"]
[EventCountry "CZE"]
[SourceTitle "EXT 2018"]
[Source "ChessBase"]
[SourceDate "2017.10.13"]
[SourceVersion "1"]
[SourceVersionDate "2017.10.13"]
[SourceQuality "1"]

1. d4 d5 2. Bf4 Bf5 3. c4 e6 4. cxd5 exd5 5. Nc3 c6 6. e3 Bd6 7. Bxd6 Qxd6 8. Bd3 Bxd3 9. Qxd3 Nf6 10. Nge2 O-O 11. O-O Nbd7 12. h3 Rfe8 13. Rfc1 Ne4 14. Nxe4 dxe4 15. Qc4 Nb6 16. Qc5 Qxc5 17. Rxc5 Rad8 18. b4 Rd7 19. Rb1 a6 20. Rc2 f5 21. h4 h6 22. h5 g5 23. hxg6 Kg7 24. g3 Kxg6 25. Kg2 Rh8 26. Nf4+ Kf6 27. Rc5 Nd5 28. Nxd5+ Rxd5 29. Rxd5 cxd5 30. Rc1 Rh7 31. a4 Rd7 32. Rc5 Ke6 33. Kh3 Rd6 34. Kh4 Kd7 35. a5 Kd8 36. Kh5 Kd7 37. b5 axb5 38. Rxb5 Kc7 39. Kh4 Kc8 40. g4 fxg4 41. Kxg4 Kc7 42. Kf5 Rd8 43. Ke6 Rf8 44. Rc5+ Kb8 45. Kxd5 Rxf2 46. Kxe4 Ka7 47. d5 b6 48. axb6+ Kxb6 49. Rc6+ Kb7 50. Rxh6 Kc7 51. Ke5 Rg2 52. Rh7+ Kd8 53. e4 Rg5+ 54. Kd6 Rg6+ 55. Kc5 Rg1 56. e5 Ra1 57. e6 Ra5+ 58. Kd6 Ra6+ 59. Ke5 Ra5 60. Rd7+ Ke8 61. Kf6 Ra1 62. Rb7 Rf1+ 63. Ke5 Ra1 64. Rb8+ 1-0

[Event "25th Klatovy A 2017"]
[Site "Klatovy CZE"]
[Date "2017.07.05"]
[Round "5.16"]
[White "Zak, Pavel"]
[Black "Chmel, Kristian"]
[Result "1/2-1/2"]
[WhiteElo "2038"]
[BlackElo "2128"]
[PlyCount "35"]
[EventDate "2017.07.01"]
[EventType "swiss"]
[EventRounds "9"]
[EventCountry "CZE"]
[SourceTitle "EXT 2018"]
[Source "ChessBase"]
[SourceDate "2017.10.13"]
[SourceVersion "1"]
[SourceVersionDate "2017.10.13"]
[SourceQuality "1"]

1. Nf3 Nf6 2. c4 g6 3. d4 Bg7 4. Nc3 d5 5. cxd5 Nxd5 6. e4 Nxc3 7. bxc3 O-O 8. Be3 c5 9. Qd2 Qa5 10. Rb1 cxd4 11. cxd4 Qxd2+ 12. Nxd2 Rd8 13. d5 Nd7 14. Be2 Nf6 15. O-O b6 16. Bb5 Bd7 17. Ba6 Bc8 18. Bb5 1/2-1/2

[Event "25th Klatovy A 2017"]
[Site "Klatovy CZE"]
[Date "2017.07.05"]
[Round "5.17"]
[White "Hak, David"]
[Black "Pick, Stepan"]
[Result "0-1"]
[WhiteElo "1777"]
[BlackElo "2105"]
[PlyCount "106"]
[EventDate "2017.07.01"]
[EventType "swiss"]
[EventRounds "9"]
[EventCountry "CZE"]
[SourceTitle "EXT 2018"]
[Source "ChessBase"]
[SourceDate "2017.10.13"]
[SourceVersion "1"]
[SourceVersionDate "2017.10.13"]
[SourceQuality "1"]

1. e4 d6 2. d4 Nf6 3. Nc3 g6 4. h3 Bg7 5. Be3 O-O 6. Qd2 c6 7. Nf3 b5 8. a3 Nbd7 9. Bh6 e5 10. Bxg7 Kxg7 11. O-O-O Qb6 12. d5 c5 13. Bxb5 Rb8 14. b3 Qa5 15. a4 Qb4 16. Nb1 Nxe4 17. Qxb4 cxb4 18. Rhe1 Ndc5 19. Re2 Bb7 20. Bc4 Rbc8 21. Nfd2 Nf6 22. f3 Rfd8 23. a5 Nxd5 24. Ne4 Nf4 25. Nxd6 Nxe2+ 26. Bxe2 Rb8 27. Kb2 Ba6 28. Bxa6 Nxa6 29. Rd3 Kf8 30. Nd2 Ke7 31. N2c4 Ke6 32. Kc1 f6 33. Kd1 Nc5 34. Rd2 Rd7 35. Ke2 Rbd8 36. Nb5 Rxd2+ 37. Nxd2 Rd7 38. c3 bxc3 39. Nxc3 Rxd2+ 40. Kxd2 Nxb3+ 41. Kd3 Nxa5 42. Nb5 Nc6 43. Kc4 a5 44. Nc3 Nd4 45. Kc5 Nc2 46. Nd1 Ne1 47. Ne3 f5 48. Kb5 f4 49. Ng4 Nxg2 50. Kxa5 Nh4 51. Nh2 e4 52. Kb4 Nxf3 53. Ng4 e3 0-1

[Event "25th Klatovy A 2017"]
[Site "Klatovy CZE"]
[Date "2017.07.05"]
[Round "5.18"]
[White "Trmal, Jaroslav"]
[Black "Hajek, Jiri2"]
[Result "0-1"]
[WhiteElo "2201"]
[BlackElo "2013"]
[PlyCount "64"]
[EventDate "2017.07.01"]
[EventType "swiss"]
[EventRounds "9"]
[EventCountry "CZE"]
[SourceTitle "EXT 2018"]
[Source "ChessBase"]
[SourceDate "2017.10.13"]
[SourceVersion "1"]
[SourceVersionDate "2017.10.13"]
[SourceQuality "1"]

1. d4 Nf6 2. c4 g6 3. Nc3 Bg7 4. e4 d6 5. Be2 O-O 6. Nf3 Bg4 7. Be3 Nfd7 8. h3 Bxf3 9. Bxf3 Nc6 10. d5 Na5 11. Qa4 c6 12. Rc1 cxd5 13. cxd5 Nc5 14. Qb5 a6 15. Qe2 b5 16. b4 Bxc3+ 17. Rxc3 Na4 18. Rc2 Nc4 19. Bh6 Re8 20. O-O a5 21. Qe1 Qb6 22. Qa1 f6 23. Rb1 axb4 24. Rxb4 Qa5 25. Rb3 Nc5 26. Rbc3 Ne5 27. Bd2 Qa4 28. Qb1 Nxe4 29. Bxe4 Qxe4 30. Qb3 Nc4 31. Rd3 Ra3 32. Qxb5 Kf7 0-1

[Event "25th Klatovy A 2017"]
[Site "Klatovy CZE"]
[Date "2017.07.05"]
[Round "5.19"]
[White "Bartos, Jan"]
[Black "Ondrejat, Miroslav"]
[Result "1-0"]
[WhiteElo "2189"]
[BlackElo "2010"]
[PlyCount "79"]
[EventDate "2017.07.01"]
[EventType "swiss"]
[EventRounds "9"]
[EventCountry "CZE"]
[SourceTitle "EXT 2018"]
[Source "ChessBase"]
[SourceDate "2017.10.13"]
[SourceVersion "1"]
[SourceVersionDate "2017.10.13"]
[SourceQuality "1"]

1. d4 Nf6 2. c4 g6 3. Nc3 Bg7 4. e4 O-O 5. Be3 d6 6. f3 e5 7. Nge2 Nc6 8. d5 Ne7 9. g4 Ne8 10. Qd2 c6 11. Ng3 cxd5 12. cxd5 a6 13. O-O-O b5 14. Kb1 f5 15. gxf5 gxf5 16. Nh5 f4 17. Bf2 Ng6 18. Nxg7 Nxg7 19. Be2 Bd7 20. Rc1 Qa5 21. a3 Rfc8 22. Rhd1 Qd8 23. Na2 Rxc1+ 24. Rxc1 Rc8 25. Rxc8 Bxc8 26. Qc3 Bb7 27. Nb4 Ne8 28. Nc6 Qc7 29. Na5 Qxc3 30. bxc3 Bc8 31. Kb2 Kf7 32. Kb3 Nf6 33. Kb4 Nd7 34. Nc6 Ke8 35. Ka5 Ngf8 36. Ba7 Ng6 37. Nb4 Nc5 38. Bxc5 dxc5 39. Nxa6 b4 40. cxb4 1-0

[Event "25th Klatovy A 2017"]
[Site "Klatovy CZE"]
[Date "2017.07.05"]
[Round "5.20"]
[White "Spicka, Jan"]
[Black "Dvorak, Jan"]
[Result "1/2-1/2"]
[WhiteElo "1959"]
[BlackElo "2174"]
[PlyCount "49"]
[EventDate "2017.07.01"]
[EventType "swiss"]
[EventRounds "9"]
[EventCountry "CZE"]
[SourceTitle "EXT 2018"]
[Source "ChessBase"]
[SourceDate "2017.10.13"]
[SourceVersion "1"]
[SourceVersionDate "2017.10.13"]
[SourceQuality "1"]

1. c4 e5 2. Nc3 Nf6 3. g3 Nc6 4. Bg2 g6 5. d3 Bg7 6. e4 d6 7. Nge2 O-O 8. O-O Nd4 9. h3 Be6 10. Be3 Nxe2+ 11. Nxe2 Qd7 12. Kh2 c6 13. f4 Ne8 14. Qd2 f5 15. Rac1 Qc7 16. a3 Rd8 17. Rfd1 Nf6 18. Qc2 h5 19. c5 h4 20. cxd6 Qf7 21. Rf1 Nh5 22. g4 exf4 23. Nxf4 Be5 24. d4 Bxd6 25. e5 1/2-1/2

[Event "25th Klatovy A 2017"]
[Site "Klatovy CZE"]
[Date "2017.07.05"]
[Round "5.21"]
[White "Palek, Miroslav"]
[Black "Kucera, Tomas"]
[Result "1/2-1/2"]
[WhiteElo "2174"]
[BlackElo "1993"]
[PlyCount "28"]
[EventDate "2017.07.01"]
[EventType "swiss"]
[EventRounds "9"]
[EventCountry "CZE"]
[SourceTitle "EXT 2018"]
[Source "ChessBase"]
[SourceDate "2017.10.13"]
[SourceVersion "1"]
[SourceVersionDate "2017.10.13"]
[SourceQuality "1"]

1. e4 e6 2. Nf3 d5 3. Nc3 Nc6 4. Bb5 Nge7 5. O-O a6 6. Bxc6+ Nxc6 7. d4 Be7 8. Bf4 O-O 9. Ne5 Nxe5 10. Bxe5 dxe4 11. Nxe4 b6 12. f3 Bb7 13. c3 Bxe4 14. fxe4 Bd6 1/2-1/2

[Event "25th Klatovy A 2017"]
[Site "Klatovy CZE"]
[Date "2017.07.05"]
[Round "5.23"]
[White "Novy, Daniel"]
[Black "Kotal, Vaclav"]
[Result "0-1"]
[WhiteElo "1942"]
[BlackElo "2070"]
[PlyCount "86"]
[EventDate "2017.07.01"]
[EventType "swiss"]
[EventRounds "9"]
[EventCountry "CZE"]
[SourceTitle "EXT 2018"]
[Source "ChessBase"]
[SourceDate "2017.10.13"]
[SourceVersion "1"]
[SourceVersionDate "2017.10.13"]
[SourceQuality "1"]

1. e4 c5 2. Nf3 e6 3. d4 cxd4 4. Nxd4 Nf6 5. Nc3 Nc6 6. Be3 Bb4 7. Bd3 d5 8. Nxc6 bxc6 9. exd5 cxd5 10. O-O O-O 11. Bg5 h6 12. Bh4 Be7 13. Re1 Qb6 14. Qf3 Ba6 15. Rab1 Bxd3 16. Qxd3 Rac8 17. Nd1 Rc4 18. Bg3 Ne4 19. Ne3 Rd4 20. Qe2 Rd2 21. Qf3 f5 22. Be5 Rxf2 23. Qh5 f4 24. Ng4 Rxc2+ 25. Re3 Bg5 26. Qg6 Qb7 27. Rh3 Qf7 28. Nxh6+ Bxh6 29. Rxh6 Qxg6 30. Rxg6 Rf7 31. Rxe6 Nd2 32. Rd1 f3 33. gxf3 Nxf3+ 34. Kh1 Re2 35. Re8+ Kh7 36. Rd3 Nxe5 37. Rh3+ Kg6 38. Rg3+ Kf6 39. Kg1 Re7 40. Rd8 Rc7 41. Rf8+ Ke6 42. Re8+ Kd6 43. Kf1 Rxb2 0-1

[Event "25th Klatovy A 2017"]
[Site "Klatovy CZE"]
[Date "2017.07.05"]
[Round "5.24"]
[White "Kostelecky, Daniel"]
[Black "Dolansky, Lukas"]
[Result "1-0"]
[WhiteElo "1908"]
[BlackElo "2065"]
[PlyCount "87"]
[EventDate "2017.07.01"]
[EventType "swiss"]
[EventRounds "9"]
[EventCountry "CZE"]
[SourceTitle "EXT 2018"]
[Source "ChessBase"]
[SourceDate "2017.10.13"]
[SourceVersion "1"]
[SourceVersionDate "2017.10.13"]
[SourceQuality "1"]

1. e4 e5 2. Nf3 Nc6 3. Bb5 Bc5 4. O-O Nd4 5. b4 Nxf3+ 6. Qxf3 Bxb4 7. Qg3 Nf6 8. Qxe5+ Be7 9. Nc3 O-O 10. d4 Re8 11. Qg3 c6 12. Be2 d5 13. e5 Ne4 14. Nxe4 dxe4 15. Bh6 Bf8 16. Be3 f6 17. f4 exf3 18. Rxf3 fxe5 19. dxe5 Be6 20. Raf1 Qc7 21. Bd3 Be7 22. Bf5 Bxf5 23. Rxf5 Rf8 24. Qg4 b6 25. e6 Rxf5 26. Rxf5 Rf8 27. Bd4 Bd6 28. g3 Qe7 29. Rg5 Rf6 30. Bxf6 Qxf6 31. Qf5 Qe7 32. Rg4 b5 33. Re4 a5 34. Re1 a4 35. Rf1 b4 36. Qf7+ Qxf7 37. Rxf7 Be5 38. Kf1 c5 39. Ke2 c4 40. Ra7 Kf8 41. Rxa4 b3 42. axb3 cxb3 43. cxb3 Ke7 44. Ra6 1-0